000 00461nam a22001697a 4500
005 20250704100649.0
008 250704b |||||||| |||| 00| 0 eng d
020 _a9781292401171
082 _a005.8
_bRUS-A
100 _aRussell, Staurt
245 _aArtificial Intelligence /
_cPeter Norvig
260 _aIndia:
_bPearson;
_c2014.
300 _axix, 550 p. :
_bill;
_c24 cm.
500 _ainclude index.
650 _aArtificial Intelligence
999 _c36962
_d36962